000 01067nam a2200265Ia 4500
001 22025
005 20260320113335.0
008 260320s9999||||xx |||||||||||||| ||und||
020 _a9786124755583
041 _aESP
082 _a728.8
_bC77
100 _aCooper, Frederick,
_eAUT
245 0 _aCasa Cooper
_b
246 _a
_5
_b
250 _aSegunda edición
260 _aLima :
_bPontificia Universidad Católica del Perú. Facultad de Arquitectura y Urbanismo,
_c2022
300 _a183 páginas :
_bilustraciones, fotografías, planos ;
_c21 cm.
_e
440 _a(Colección Cuerpo docente
_n; número 01)
_v
650 _aABD
653 _aArquitectura doméstica - Lima (Perú) - Historia - Siglo XX; Diseño arquitectónico de casas - Lima (Perú)
654 _aCAU
700 _aCalmell del Solar, Alessandra; Cillóniz, Sebastián; Villanueva, José Luis,
_cAUTS
856 _uhttps://0u210nv2c-y-https-www-architectureopenlibrary-com.itmsp.museknowledge.com/
_zVéase además: Base de datos Architecture Open Library
942 _cLIB
_dJUS
_fMAT
_2ddc
_n
999 _c22025
_d22025